| 000 | 00825nam a2200229 a 4500 | ||
|---|---|---|---|
| 005 | 20200408075244.0 | ||
| 008 | 200313s2020 sp a|||fr|||| 00| 0 spa d | ||
| 020 | _a9789588443805 (3a.Ed.) | ||
| 040 |
_aCO-BoUCM _bspa _cDeissy Garcia _dDeissy Garcia |
||
| 041 | 0 | _aspa | |
| 060 | _aWA 100 | ||
| 100 | 1 |
_aMalagón-Londoño, Gustavo _930394 |
|
| 245 |
_aSalud pública conceptos, aplicaciones y desafíos _cGustavo Malagón Londoño, Jairo Reynales Londoño |
||
| 250 | _a3a.Ed. | ||
| 260 |
_bMédica Panamericana _c2020 _aMadrid |
||
| 300 |
_axxi, 820 páginas _bilustraciones |
||
| 504 | _aIncluye referencias bibliográficas e índices | ||
| 650 | 1 | 7 |
_98073 _aSalud pública |
| 650 | 1 | 7 |
_921645 _aPlanificación de la salud |
| 700 | 1 |
_aLondoño, Reynales _9100436 |
|
| 942 |
_cLIBRO _2NLM _a26 _e3 _hWA 100 _mM236s |
||
| 999 |
_c317099 _d317099 |
||